| 000 | 00749nam a2200205 a 4500 | ||
|---|---|---|---|
| 003 | 0 | ||
| 005 | 20250208093018.0 | ||
| 008 | 120719s19uu xx 00 eng d | ||
| 050 |
_aPGS BF 723.I64 _b.K49 2012 |
||
| 100 | _aKim, Eu Jin. | ||
| 245 |
_aTime spent with friends and family relationships / _cEu Jin Kim. |
||
| 260 |
_aLas PiƱas City, Philippines : _bSouthville International School and Colleges, _c2012. |
||
| 300 |
_a26 pages : _billustrations ; _c28 cm. |
||
| 504 | _aIncludes bibliographical references. | ||
| 650 | _aSocial development in children. | ||
| 650 | _aInterpersonal relations in children. | ||
| 650 | _aFriendship in adolescence. | ||
| 650 |
_aFamily relationships _vInfluence of peer interactions. |
||
| 942 |
_2lcc _cPASS |
||
| 999 |
_c98745 _d98745 |
||